| 000 | 00838nam a2200229 a 4500 | ||
|---|---|---|---|
| 005 | 20210223130637.0 | ||
| 008 | 080925s1980 mx r 000 0 spa d | ||
| 035 | _aUPN01000160938 | ||
| 049 | _aUNE | ||
| 080 | _a37.018.3 (914) =20 MEN No.20. | ||
| 245 | 0 | 0 |
_aMental feeding programe : _ban innovative approach in the Philippines to involve parents in the education of the Young Child / _cprepared by Felicita G. Bernardino. |
| 260 |
_aParís : _bUNESCO : _bUNICEF, _c1980. |
||
| 300 | _a6 p. | ||
| 440 | 0 |
_aNotes, comments ... ; _v20 |
|
| 690 | _aEducaciÓn de los padres - Programas de desarrollo | ||
| 690 | _aProgramas de educaciÓn - EducaciÓn de los padres | ||
| 690 | _aEducaciÓn preescolar - Filipinas | ||
| 700 | 1 |
_aBernardino, Felicita G. , _ecomp. |
|
| 710 | 2 |
_aUNICEF _924085 |
|
| 710 | 2 | _aUNESCO | |
| 905 | _aUNESCO | ||
| 999 |
_c133051 _d133051 |
||